Biggest Cities in the Detroit area - Statistics

General Stats
  • This quiz has been taken 34 times
  • The average score is 12 of 30
Answer Stats
Hint Answer % Correct
683,440 Detroit
100%
95,520 Dearborn
82%
135,070 Warren
82%
56,330 Dearborn Hts
77%
131,670 Sterling Hts
68%
81,150 Farmington Hls
55%
59,920 Pontiac
50%
58,820 Royal Oak
50%
94,850 Livonia
45%
72,990 Rochester Hls
45%
73,060 Southfield
45%
59,920 St. Clair Shrs
45%
82,980 Troy
45%
22,340 Auburn Hills
36%
21,990 Hamtramck
36%
58,230 Novi
36%
82,220 Westland
36%
32,650 Eastpointe
32%
23,460 Romulus
32%
61,720 Taylor
32%
27,520 Allen Park
27%
24,740 Inkster
27%
29,750 Oak Park
27%
47,610 Roseville
27%
29,390 Port Huron
23%
30,170 Madison Hts
18%
29,360 Southgate
18%
27,010 Garden City
14%
37,160 Lincoln Park
14%
25,230 Wyandotte
14%
No matching quizzes found
Score Distribution
Percent of People with Each Score
Percentile by Number Answered
Your Score History
You have not taken this quiz